Wszystkie sklepy IKEA w Polsce - Statystyki

Ogólne statystyki
  • Ten quiz został rozwiązany 245 razy
  • Średni wynik to 6 z 11
Statystyki odpowiedzi
Adres Miasto/nazwa % Poprawnych
Złota Karczma 26 IKEA Gdańsk
85%
ul. J. Conrada 66 IKEA Kraków
83%
ul. Szwedzka 10 IKEA Poznań
76%
Al. W. Roździeńskiego 95 IKEA Katowice
73%
ul. Pabianicka 255 IKEA Łódź
69%
ul. Skandynawska 1 IKEA Bydgoszcz
64%
Al. Spółdzielczości Pracy 86 IKEA Lublin
56%
Pl. Szwedzki 1 IKEA Warszawa - Janki
53%
ul. Malborska 51 IKEA Warszawa - Targówek
23%
Al. Jerozolimskie 179 IKEA Warszawa - Blue City
14%
ul. Czekoladowa 5a IKEA Wrocław - Bielany Wrocławskie
13%
Nie znaleziono quizów pasujących do podanych kryteriów
Rozkład punktacji
Procent ludzi z każdym wynikiem
Percentyl według liczby udzielonych odpowiedzi
Twoja historia wyników
Nie rozwiązałeś tego quizu